000 01407naa a22002897a 4500
001 BR9403639
003 BR-BrBNA
005 20240918181216.0
007 ta
008 230509b bl.||||| |||| 00| 0 por d
040 _aBR-BrBNA
_bpor
_cBiblioteca Nacional de Agricultura
041 _a(Pt)
072 _aQ02
_b0240
090 _aQ02 BR9403639
100 1 _aCastro, H.F.
100 1 _aBarroso, H.G.
100 1 _aEsteves, A.L.
111 1 _a2. Congresso Nacional da Sociedade de Tecnicos Acucareiros do Brasil1. Simposio Latino-Americano sobre Modalidades de Financiamento a Producao de Energia Renovavel
_cRio de Janeiro, RJ (Brazil)
_d16-21 Aug 1981
245 1 _aAvaliacao experimental da eficiencia de moagem de sorgo sacarino
260 3 _aRio de Janeiro, RJ (Brasil):
_c1981.
500 _aAnais do 2. Congresso Nacional de Tecnicos Acucareiros do Brasil e 1. Simposio Latino-Americano sobre Modalidades de Financiamento a Producao de Energia Renovavel Rio de Janeiro, RJ (Brasil): 1981. v. 4 p. 482-493 (BR9403639-AM)Q02
650 _aSorgo Acucareiro
650 _aMoagem
773 0 _tAnais do 2. Congresso Nacional de Tecnicos Acucareiros do Brasil e 1. Simposio Latino-Americano sobre Modalidades de Financiamento a Producao de Energia Renovavel
_wQ02 BR9403639
_gRio de Janeiro, RJ (Brasil), 1981. v. 4 p. 482-493
909 _a202404
_bLucia
_c55
_dLucia Elande
942 _cAM
_2AGRIS
999 _c324118
_d324118